| 000 | 00818cab a22002055a 4500 | ||
|---|---|---|---|
| 001 | L146204 | ||
| 008 | 081216e20081212xxk f 000 0 eng d | ||
| 035 | _a(Sirsi) u146204 | ||
| 041 | 0 | _aeng | |
| 100 | 1 | _aStockdale, Lydia | |
| 245 | 0 | 0 | _aFighting over the scraps |
| 260 | _c2008 | ||
| 490 | 0 |
_aProperty Week _v74(50) 12 December 2008, 56-57(2) |
|
| 520 | _aReveals that corporate recovery is a fast-growing property service for agents. Reports that there is a rift between those who are well-established in this field and newcomers. Provides brief information on company failures in England and Wales and how to become a receiver. | ||
| 590 | _aKA | ||
| 650 | 2 | 4 | _aMANAGEMENT-CORPORATE RECOVERY |
| 651 | 4 |
_aUnited Kingdom _y |
|
| 690 | _aPROPERTY-COMMERCIAL PROPERTY-COMMERCIAL PROPERTY MARKET | ||
| 942 | _n0 | ||
| 999 |
_c81083 _d81083 |
||